UCAS application figures released (Record no. 114263)

MARC details
000 -LEADER
fixed length control field 00837cad a22002055a 4500
001 - CONTROL NUMBER
control field L156462
008 - FIXED-LENGTH DATA ELEMENTS--GENERAL INFORMATION
fixed length control field 120524s2012 xxk f 000 0 eng d
035 ## - SYSTEM CONTROL NUMBER
System control number (Sirsi) u156462
041 0# - LANGUAGE CODE
Language code of text/sound track or separate title eng
110 2# - MAIN ENTRY--CORPORATE NAME
Corporate name or jurisdiction name as entry element CBRE
245 00 - TITLE STATEMENT
Title UCAS application figures released
Medium [electronic resource]
260 ## - PUBLICATION, DISTRIBUTION, ETC.
Place of publication, distribution, etc. London
Name of publisher, distributor, etc. CBRE
Date of publication, distribution, etc. 2012
490 #0 - SERIES STATEMENT
Series statement CBRE Quarterly Market Review Student Housing
Volume/sequential designation Q1 2012
520 ## - SUMMARY, ETC.
Summary, etc. Numbers of UCAS applicants for the 2012/2013 academic year have fallen slightly but it is anticipated that demand for student housing will continue to exceed the number of available places.
590 ## - LOCAL NOTE (RLIN)
Local note KA NTK
651 #4 - SUBJECT ADDED ENTRY--GEOGRAPHIC NAME
Geographic name United Kingdom
Chronological subdivision
690 ## - LOCAL SUBJECT ADDED ENTRY--TOPICAL TERM (OCLC, RLIN)
Topical term or geographic name as entry element Residential property
9 (RLIN) 6266
856 40 - ELECTRONIC LOCATION AND ACCESS
Uniform Resource Identifier <a href="https://www.cbre.co.uk/uk_en/research">https://www.cbre.co.uk/uk_en/research</a>
Public note View the report (type Student housing in the keyword box and click on search)
942 ## - ADDED ENTRY ELEMENTS (KOHA)
Suppress in OPAC 0
Holdings
Withdrawn status Lost status Source of classification or shelving scheme Damaged status Not for loan Home library Current library Shelving location Date acquired Total Checkouts Full call number Barcode Date last seen Copy number Price effective from Koha item type
    Dewey Decimal Classification     Virtual Virtual Online 24/05/2012   ONLINE PUBLICATION 156462-2001 06/08/2019 1 06/08/2019 Book